Southville International School and Colleges
Your cart is empty.
  • Cart
  • Lists
    Public lists Eva Luna New books Lux_list list_1
    Your lists Log in to create your own lists
  • Log in to your account
  • Your cookies
  • Search history
Southville International School and Colleges
  • Advanced search
  • Recent comments
  • Most popular
  • Libraries

Log in to your account

Log in with GOOGLE


If you do not have an external account, but do have a local account, you can still log in:

  1. Home
  2. MARC view: Subject teaching in primary education /
Normal view MARC view ISBD view

Subject teaching in primary education / (Record no. 275928)

[ view plain ]
MARC details
000 -LEADER
fixed length control field 00756nam a22002535i 4500
001 - CONTROL NUMBER
control field 17859068
005 - DATE AND TIME OF LATEST TRANSACTION
control field 20140929111953.0
008 - FIXED-LENGTH DATA ELEMENTS--GENERAL INFORMATION
fixed length control field 130821s2014 cau 000 0 eng
010 ## - LIBRARY OF CONGRESS CONTROL NUMBER
LC control number 2013948470
020 ## - INTERNATIONAL STANDARD BOOK NUMBER
International Standard Book Number 9781446267899 (pbk.)
020 ## - INTERNATIONAL STANDARD BOOK NUMBER
International Standard Book Number 9781446267882 (cased)
040 ## - CATALOGING SOURCE
Original cataloging agency DLC
Language of cataloging eng
Description conventions rda
Transcribing agency DLC
042 ## - AUTHENTICATION CODE
Authentication code pcc
050 ## - LIBRARY OF CONGRESS CALL NUMBER
Classification number LB 1028.3
Item number .Su941 2014
245 10 - TITLE STATEMENT
Title Subject teaching in primary education /
Statement of responsibility, etc Patrick Smith ; [edited by] Patrick Smith, Lyn Dawes.
250 ## - EDITION STATEMENT
Edition statement 1st edition.
260 ## - PUBLICATION, DISTRIBUTION, ETC. (IMPRINT)
Place of publication, distribution, etc London :
Name of publisher, distributor, etc SAGE Publication Ltd.,
Date of publication, distribution, etc c2014.
263 ## - PROJECTED PUBLICATION DATE
Projected publication date 1403
300 ## - PHYSICAL DESCRIPTION
Extent 275 pages :
Dimensions 24 cm.
521 ## - TARGET AUDIENCE NOTE
Target audience note Education
906 ## - LOCAL DATA ELEMENT F, LDF (RLIN)
a 0
b ibc
c orignew
d 2
e epcn
f 20
g y-gencatlg
942 ## - ADDED ENTRY ELEMENTS (KOHA)
Source of classification or shelving scheme Library of Congress Classification
Koha item type Books
Call number prefix Foreign
Holdings
Withdrawn status Lost status Source of classification or shelving scheme Damaged status Home library Current library Shelving location Date acquired Source of acquisition Cost, normal purchase price Total Checkouts Full call number Barcode Date last seen Price effective from Koha item type
    Library of Congress Classification   College Library College Library Reserve Section 09/29/2014 Library Fund 2991.00   LB 1028.3 .Su941 2014 C18714 05/15/2018 09/29/2014 Books

Subject teaching in primary education /

APA

(2014). Subject teaching in primary education. London: SAGE Publication Ltd.

Chicago

2014. Subject teaching in primary education. London: SAGE Publication Ltd.

Harvard

(2014). Subject teaching in primary education. London: SAGE Publication Ltd.

MLA

Subject teaching in primary education. London: SAGE Publication Ltd. 2014.

  • Place hold
  • Print
  • Cite
  • Add to your cart (remove)
  • Save record
    BIBTEX Dublin Core MARCXML MARC (non-Unicode/MARC-8) MARC (Unicode/UTF-8) MARC (Unicode/UTF-8, Standard) MODS (XML) RIS
  • More searches
    Search for this title in:
    Other Libraries (WorldCat) Other Databases (Google Scholar) Online Stores (Bookfinder.com) Open Library (openlibrary.org)

Exporting to Dublin Core...

SOUTHVILLE LIBRARY

Southville International School and Colleges Library

1281 Tropical Ave. Cor. Luxembourg St., BF Homes International, Las Pinas City

Tel. No. 8256374 / 252358 Loc. 117/146

Powered by Koha